000 02063nam a22003614i 4500
001 991061305698606706
003 ES-BaIT
005 20250702130422.0
008 250328t19991991fr ||||r|||||0|| d fre|c
020 _a9782912464545
020 _a2912464544
040 _aES-BaIT
_bcat
_erda
_cES-BaIT
041 1 _afre
_heng
080 _a820(72)-2"19"
100 1 _aWellman, Mac
_eautor
_952449
245 1 0 _aSept pipes /
_cMac Wellman ; traduit de l'anglais (Etats-Units) par Philippe Laubat-Delranc
264 1 _aBesançon :
_bLes Solitaires Intempestifs,
_c1999
264 4 _c©1991
300 _a68 pàgines;
_c20 cm
336 _atext
_btxt
_2rdacontent
337 _asense mediació
_bn
_2rdamedia
338 _avolum
_bnc
_2rdacarrier
490 1 _aCollection La Mousson d'été
500 _aTítol original: Seven blowjobs
520 _a"Un sénateur américain conservateur pur jus reçoit sept photographies à caractère sexuel. Art ou pornographie ? Machination ou diffamation ? Ni Eileen, son assistante administrative formée dans l'une des universités les plus conservatrices d'Amérique, ni Bruce, son conseiller juridique à qui ces sept photos font un peu trop d'effet pour qu'il soit du " bon bord ", ni le révérend Tom, télévangéliste de choc, ardent défenseur des valeurs "chrétino-familiales" américaines, ne lui sont d'un grand secours. Heureusement, il y a Dot, la standardiste zélée qui découvrira le pot aux roses et pour qui ces sept pipes ouvriront la voie royale de l'ascension professionnelle made in U.S.A.Avec Sept pipes, farce politique Mac Wellman flanque une gifle magistrale au conservatisme américain et à l'hypocrisie du système." -- Contracoberta
650 4 _aConservadorisme
_zEstats Units d'Amèrica
_vTextos dramàtics
_9166420
700 1 _aWellman, Mac.
_tSeven blowjobs.
_lFrancès
_iContedidor de (expressió):
_9166422
700 1 _aLoubat-Delranc, Philippe,
_d1958-
_etraductor
_9166423
830 3 _aLa Mousson d'été
_9166424
908 _aCDMAE
940 _aCDMAE
942 _2udc
_c1
999 _c136292
_d136292